BUBT Library Online Catalog

Investment analysis & Portfolio management (Record no. 2270)

000 -LEADER
fixed length control field 00732nam a2200229Ia 4500
003 - CONTROL NUMBER IDENTIFIER
control field BUBTL
008 - FIXED-LENGTH DATA ELEMENTS--GENERAL INFORMATION
fixed length control field 151213s9999 xx 000 0 und d
020 ## - INTERNATIONAL STANDARD BOOK NUMBER
International Standard Book Number 981-240-540-9
082 ## - DEWEY DECIMAL CLASSIFICATION NUMBER
Classification number 332.6 / R2731i / 2003
100 ## - MAIN ENTRY--PERSONAL NAME
Personal name Reilly, Frunk K. & Keith C., Brown
9 (RLIN) 43
245 ## - TITLE STATEMENT
Title Investment analysis & Portfolio management
Statement of responsibility, etc. Frunk K. Reilly & Keith C., Brown
250 ## - EDITION STATEMENT
Edition statement 7th
260 ## - PUBLICATION, DISTRIBUTION, ETC. (IMPRINT)
Place of publication, distribution, etc. Australia Canada
Name of publisher, distributor, etc. Thomson
Date of publication, distribution, etc. 2003
300 ## - PHYSICAL DESCRIPTION
Extent [xxviii] , 1162p . :
Other physical details ill , chart , Table ; 22cm .
Dimensions Finance .
500 ## - GENERAL NOTE
General note Includes Index .
650 ## - SUBJECT ADDED ENTRY--TOPICAL TERM
Topical term or geographic name as entry element Finance
650 ## - SUBJECT ADDED ENTRY--TOPICAL TERM
Topical term or geographic name as entry element Finance
9 (RLIN) 4247
700 ## - ADDED ENTRY--PERSONAL NAME
Personal name Frunk K. Reilly & Keith C., Brown
9 (RLIN) 4248
856 ## - ELECTRONIC LOCATION AND ACCESS
Password 0
Logon 0
Link text Download
942 ## - ADDED ENTRY ELEMENTS (KOHA)
Source of classification or shelving scheme
Koha item type Books
Holdings
Withdrawn status Lost status Source of classification or shelving scheme Damaged status Not for loan Collection code Permanent location Current location Shelving location Date acquired Inventory number Total Checkouts Full call number Barcode Date last seen Copy number Price effective from Koha item type Total Renewals Date last checked out Source of acquisition
        Not For Loan Non-fiction Bangladesh University of Business and Technology Library Bangladesh University of Business and Technology Library Finance Stacks 02/27/2018 3267   332.6 REF BUBTL-20033267 02/27/2018 C-1 02/27/2018 Books      
          Non-fiction Bangladesh University of Business and Technology Library Bangladesh University of Business and Technology Library Finance Stacks 02/27/2018 3269 2 332.6 REF BUBTL-20033269 04/05/2022 C-2 02/27/2018 Books 3 03/13/2022  
          Non-fiction Bangladesh University of Business and Technology Library Bangladesh University of Business and Technology Library Finance Stacks 02/27/2018 4144   332.6 REF BUBTL-20034144 02/27/2018 C-3 02/27/2018 Books      
          Non-fiction Bangladesh University of Business and Technology Library Bangladesh University of Business and Technology Library Finance Stacks 08/21/2006 3270   332.6 / R2731i / 2003 BUBTL-20033270 09/27/2021 C-4 09/27/2021 Books     Purchase

More Information About Library

Library Hours

  • Open: 9.00 am. to 9.00 pm.
  • Only Sunday: 9.00 am. to 6.00 pm.
  • Closed: Holiday

Contact to the University

Bangladesh University of Business and Technology Library

  • Mirpurl-2, 1216.
  • Phone:
  • Fax:
  • E-Mail: admin.library@bubt.edu.bd

Contact to the Library

Contact Person:

Md. Abdul Hakim Shah
Joint Librarian
PABX No:  113
Cell No: 01816332931
E-mail: official: admin.library@bubt.edu.bd
Personal: hakim.shah@bubt.edu.bd


BUBT Library

Copyright © 2021